Countries by ChatGPT Description #2 - Statistics

General Stats
  • This quiz has been taken 17 times
  • The average score is 7 of 16
Answer Stats
Clue Country % Correct
A coastal, Nordic nation known for its picturesque landscapes, high quality of life, Viking heritage, and sustainable, progressive society Denmark
94%
A vast country known for its rainforests, vibrant culture, football passion, and famous Carnival celebrations Brazil
88%
Known for vast steppes, nomadic traditions, Genghis Khan's legacy, and a rugged, open landscape Mongolia
88%
An island nation known for its remote atolls, vulnerable to rising sea levels, with a unique Pacific culture Kiribati
76%
Known for its strict government, unique culture, military parades, and iconic landmarks like Kim Il-sung Square North Korea
65%
A tech-savvy, nature-rich country with vibrant traditions, historic architecture, e-governance leadership, and a strong sense of independence Estonia
59%
Famous for its unique blend of Eastern and Western cultures, rich history, stunning landscapes, and vibrant capital city, Baku Azerbaijan
53%
Known for its modern skyline, luxurious shopping, rich cultural heritage, and hosting global events like the FIFA World Cup Qatar
53%
A country with ancient history, religious landmarks, diverse culture, and a strong focus on technology and innovation Israel
29%
Famous for its vibrant street food, beautiful beaches, rich cultural heritage, and stunning temples. Thailand
29%
Famous for its stunning beaches, vibrant marine life, colonial history, and a rich sailing culture in the Caribbean Antigua & Barbuda
24%
Famous for its diverse wildlife, stunning landscapes, rich cultural heritage, and iconic landmarks like Victoria Falls Zimbabwe
24%
Rich in history and culture, known for vibrant markets, beautiful landscapes, and significant gold and cocoa production Ghana
18%
Famous for stunning beaches, lush tea plantations, diverse wildlife, and a rich history of ancient kingdoms and culture Sri Lanka
12%
Home to stunning mountains, charming castles, and rich folk traditions, known for its picturesque landscapes and vibrant culture Slovakia
6%
Known for beautiful beaches, vibrant surf culture, rich history, and impressive volcanoes El Salvador
0%
No matching quizzes found
Score Distribution
Percent of People with Each Score
Percentile by Number Answered
Your Score History
You have not taken this quiz